Phát huy tính tích cực hoạt động nhận thức của học sinh thông qua dạy học chủ đề giải tích 11 : Luận văn Thạc sĩ Khoa học giáo dục. Chuyên ngành Lý luận và phương pháp dạy học bộ môn Toán

Đề tài hệ thống hóa, làm rõ các vấn đề về cơ sở lí luận, phương pháp luận trong dạy học, nghiên cứu thực trạng về việc phát huy tính tích cực hoạt động nhận thức của học sinh trong dạy học môn toán nói chung và dạy học chủ đề giải tí...

Ful tanımlama

Kaydedildi:
Detaylı Bibliyografya
Yazar: Nguyễn, Thị Nhàn
Materyal Türü: Kitap
Dil:Undetermined
Baskı/Yayın Bilgisi: Cần Thơ Trường Đại học Cần Thơ 2014
Konular:
Etiketler: Etiketle
Etiket eklenmemiş, İlk siz ekleyin!
Thư viện lưu trữ: Trung tâm Học liệu Trường Đại học Cần Thơ
LEADER 01434nam a2200229Ia 4500
001 CTU_197932
008 210402s9999 xx 000 0 und d
082 |a 515.0712 
082 |b Nh105 
088 |a 60140111 
100 |a Nguyễn, Thị Nhàn 
245 0 |a Phát huy tính tích cực hoạt động nhận thức của học sinh thông qua dạy học chủ đề giải tích 11 : 
245 0 |b Luận văn Thạc sĩ Khoa học giáo dục. Chuyên ngành Lý luận và phương pháp dạy học bộ môn Toán 
245 0 |c Nguyễn Thị Nhàn ; Lê Xuân Trường (Người hướng dẫn khoa học) 
260 |a Cần Thơ 
260 |b Trường Đại học Cần Thơ 
260 |c 2014 
520 |a Đề tài hệ thống hóa, làm rõ các vấn đề về cơ sở lí luận, phương pháp luận trong dạy học, nghiên cứu thực trạng về việc phát huy tính tích cực hoạt động nhận thức của học sinh trong dạy học môn toán nói chung và dạy học chủ đề giải tích 11 nói riêng ở trường THPT hiện nay. 
650 |a Toán giải tích,Mathematical analysis 
650 |x Dạy và học (trung học),Study and teaching (Secondary ) 
910 |a Hải 
980 |a Trung tâm Học liệu Trường Đại học Cần Thơ